[Event "RSA-ch U16"]
[Site "Gauteng"]
[Date "2017.04.06"]
[Round "2"]
[White "Strydom, De Leon"]
[Black "Hadebe, Sandile"]
[Result "0-1"]
[WhiteElo "1389"]
[BlackElo "1531"]
[PlyCount "36"]
[EventDate "2017.04.05"]
[EventType "swiss"]
[EventRounds "11"]
[EventCountry "RSA"]
[SourceTitle "CBM 177 Extra"]
[Source "ChessBase"]
[SourceDate "2017.04.27"]
[SourceVersion "1"]
[SourceVersionDate "2017.04.27"]
[SourceQuality "1"]

1. d4 d5 2. Nc3 Bf5 3. Bf4 e6 4. f3 Bb4 5. e3 Nf6 6. Bd3 Bxd3 7. Qxd3 c6 8. Nge2 Nbd7 9. 0-0 0-0 10. e4 c5 11. exd5 cxd4 12. a3 Ba5 13. Ne4 Nxd5 14. Bd6 Re8 15. b4 Bb6 16. Kh1 Rc8 17. Rad1 f5 18. Nd2 Ne3 0-1

[Event "Africa-ch U14"]
[Site "Port Elizabeth"]
[Date "2016.08.24"]
[Round "5"]
[White "Strydom, De Leon"]
[Black "Adams, Seth Riley"]
[Result "0-1"]
[WhiteElo "1392"]
[BlackElo "1761"]
[PlyCount "50"]
[EventDate "2016.08.22"]
[EventType "swiss"]
[EventRounds "9"]
[EventCountry "RSA"]
[SourceTitle "CBM 174 Extra"]
[Source "ChessBase"]
[SourceDate "2016.10.10"]
[SourceVersion "1"]
[SourceVersionDate "2016.10.10"]
[SourceQuality "1"]

1. d4 c5 2. e3 Nf6 3. Nf3 b6 4. Bd3 Bb7 5. 0-0 e6 6. Nbd2 Nc6 7. a3 Be7 8. b3 0-0 9. Bb2 Rc8 10. Rc1 d5 11. Ne5 Nxe5 12. dxe5 Ne4 13. f4 Nxd2 14. Qxd2 c4 15. Be2 Qc7 16. Qc3 f5 17. g4 Qc6 18. Bf3 fxg4 19. Bg2 d4 20. Bxc6 dxc3 21. Bxb7 cxb2 22. Rb1 Rc7 23. Be4 c3 24. Kf2 Bxa3 25. Rg1 Rd7 0-1

[Event "RSA-ch U14"]
[Site "Bloemfontein"]
[Date "2016.03.23"]
[Round "7"]
[White "Strydom, De Leon"]
[Black "Modi, Yashil"]
[Result "1/2-1/2"]
[WhiteElo "1272"]
[BlackElo "1645"]
[PlyCount "67"]
[EventDate "2016.03.20"]
[EventType "swiss"]
[EventRounds "11"]
[EventCountry "RSA"]
[SourceTitle "CBM 171 Extra"]
[Source "ChessBase"]
[SourceDate "2016.04.26"]
[SourceVersion "1"]
[SourceVersionDate "2016.04.26"]
[SourceQuality "1"]

1. d4 d5 2. Nc3 Nf6 3. Bg5 e6 4. e4 Be7 5. e5 Nfd7 6. Bxe7 Qxe7 7. f4 a6 8. Nf3 c5 9. Rb1 b5 10. g3 Nc6 11. Ne2 cxd4 12. Nexd4 Nxd4 13. Nxd4 Nb6 14. c3 Bd7 15. Bd3 g6 16. a3 0-0 17. h4 f6 18. Qe2 Qg7 19. Rf1 Rae8 20. Kd2 Na4 21. Bc2 Nb6 22. Bd3 Bc8 23. Rbd1 Nc4+ 24. Bxc4 bxc4 25. Kc1 f5 26. Qd2 Qb7 27. Rf2 Bd7 28. Re2 Rb8 29. Kb1 Rfc8 30. Ka1 Rc5 31. Qc1 Ra5 32. Rdd2 Kf7 33. Rh2 h5 34. Rhf2 1/2-1/2